Countries, US States, Capitals, Elements, 100 Most Common Words: Answers inside answers - Statistics

General Stats
  • This quiz has been taken 237 times
  • The average score is 54 of 88
Answer Stats
Answer % Correct
{A}
98%
{An}
94%
{I}
94%
Abu Dhabi, Addis Ababa, Afghanistan.....
92%
Actinium, Addis Ababa, Afghanistan,.....
91%
Afghanistan, Albania, Albany, Antan.....
88%
{The}
88%
Actinium, Aluminium, Argentina, Ast.....
86%
{In}
86%
{And}
85%
Andorra, Andorra la Vella, Barbados.....
85%
Andorra, Andorra la Vella, Boron, C.....
85%
{At}
84%
Antimony, Arizona, Baton Rouge, Car.....
83%
Athens, Bosnia and Herzegovina, Che.....
83%
{Do}
83%
Astatine, Baton Rouge, Bratislava, .....
82%
{He}
82%
{It}
82%
{Us}
82%
{Go}
81%
{On}
81%
{Be}
80%
{Can}
80%
Carson City, Eritrea, Guatemala Cit.....
78%
{As}
77%
Athens, Democratic Republic of the .....
77%
Augusta, Austin, Australia, Austria.....
77%
{To}
77%
{No}
76%
{Or}
76%
Antigua and Barbuda, Bandar Seri Be.....
75%
{So}
75%
Baton Rouge, Boston, Bridgetown, Ch.....
73%
{Her}
73%
{If}
73%
{His}
72%
{Me}
71%
{Of}
71%
Bosnia and Herzegovina, Netherlands.....
70%
{We}
70%
Alaska, Basseterre, Brasília, Burki.....
69%
Angola, Argon, Bogotá, Bosnia and H.....
69%
{Him}
69%
{For}
67%
Democratic Republic of the Congo, F.....
66%
{All}
62%
{By}
62%
Americium, Armenia, Cameroon, Montg.....
61%
{One}
61%
{Tin}
61%
{Out}
60%
Actinium, Argentina, Astatine, Plat.....
59%
Athens, Ruthenium
57%
Central African Republic, Dominican.....
57%
{Then}
57%
{New}
56%
Buenos Aires, Hanoi, Honolulu, Illi.....
54%
{Our}
54%
Carson City, Jackson, Jefferson Cit.....
53%
Djibouti, Djibouti, South Africa, S.....
49%
Gallium, Marshall Islands, Palladiu.....
48%
Papua New Guinea
47%
California, Californium, Frankfort,.....
46%
{Get}
46%
Bandar Seri Begawan, Canberra, Libe.....
44%
{Oman}
44%
Thimphu
44%
{Use}
44%
Romania
40%
{Boron}
38%
Libya
38%
California, Californium
35%
Chișinău
34%
Gaborone
34%
{Iran}
34%
{Than}
29%
Federated States of Micronesia, Ind.....
27%
Sweden
27%
Tirana
26%
{Mali}
25%
Somalia
25%
Bridgetown, Georgetown
20%
{Rome}
18%
Luxembourg, Luxembourg, Missouri
15%
Massachusetts
14%
Lanthanum
12%
Promethium
5%
No matching quizzes found
Score Distribution
Percent of People with Each Score
Percentile by Number Answered
Your Score History
You have not taken this quiz